000 00724nam a2200217Ii 4500
003 JO-AjNU
008 230605s9999||||xx |||||||||||||| ||und||
017 _a2009/10/4372
040 _aJO-AjNU
_bara
_erda
_cJO-AjNU
041 _aara
050 1 4 _aKBP2416.Q3222.2009
100 3 _a القضاة، أحمد مصطفى ,
_eauthor
_949938
245 0 0 _aالحقوق الجهادية للمرأة في الفقه الإسلامي
250 _aط1
264 3 1 _aعمان : دار المأمون ، 2009
300 _a136ص
336 _atext
_btxt
_2rdacontent
337 _aunmediated
_bn
_2rdamedia
338 _avolume
_bnc
_2rdacarrier
650 4 _aالمرأة المسلمة -- الفقة الإسلامي
_949939
999 _aA21966
_c25534
_d25534